مولانا محمد حسین آزاد کی تنقیر نگاری / (Record no. 172098)

MARC details
000 -LEADER
fixed length control field 00669nam a22001937a 4500
005 - DATE AND TIME OF LATEST TRANSACTION
control field 20200127164653.0
010 ## - LCCN (DPL NO)
LC control number A-412380
020 ## - INTERNATIONAL STANDARD BOOK NUMBER
Terms of availability 30.00
035 ## - SYSTEM CONTROL NUMBER
System control number A-412380
037 ## - SOURCE OF ACQUISITION
Source of stock number/acquisition BPPD/Pub.
082 ## - DEWEY DECIMAL CLASSIFICATION NUMBER
Classification number 840.08
100 ## - MAIN ENTRY--PERSONAL NAME
Personal name محمد خالد اقبال صید یقی
245 ## - TITLE STATEMENT
Title مولانا محمد حسین آزاد کی تنقیر نگاری /
Statement of responsibility, etc محمد خالد اقبال صید یقی
246 ## - VARYING FORM OF TITLE
Title proper/short title Maulana Mohammed Azad ki Tanqir Nigari (Urdu) /
Remainder of title by Mohammad Khalid Iqbal Siddiqui
260 ## - PUBLICATION, DISTRIBUTION, ETC. (IMPRINT)
Place of publication, distribution, etc Bhopal
Name of publisher, distributor, etc Bhopal Book House
Date of publication, distribution, etc 1989 ء
270 ## - ADDRESS
Address -
City -
Postal code -
300 ## - PHYSICAL DESCRIPTION
Extent 259p.
Dimensions 20cm(Hb)
942 ## - ADDED ENTRY ELEMENTS (KOHA)
Source of classification or shelving scheme Dewey Decimal Classification
Item type Urdu Bks
Classification part 840.08
Call number suffix م ح م
Holdings
Withdrawn status Lost status Not for loan Collection code Home library Current library Date acquired Source of acquisition Cost, normal purchase price Full call number Barcode Copy number Cost, replacement price Koha item type
      Non-fiction Central Library Central Library 27/01/2020 BPPD/Ven. 30.00 840.08 م ح م A-412380 1 30.00 Urdu Bks

© Delhi Public Library
Hit Counter
free hit counter